The do's and don'ts of hypoglycemia : an everyday guide to low blood sugar, too often misunderstood and misdiagnosed!

Discusses on how to understand and recognise hypoglycaemia.

Bibliographic Details
Main Author: Ruggiero, Roberta , 1940- (Author)
Format: Book
Language:English
Published: Hollywood, FL. : Frederick Fell , 2006
Subjects:

MARC

LEADER 00000cam a2200000 7i4500
001 0000068613
005 20130130093000.0
008 100801s2006 flu eng
020 |a 088391087X (pbk.) 
020 |a 9780883910870 (pbk.) 
050 0 0 |a RC662.2   |b .R84 2006 
060 1 0 |a WK 880   |b R928d 2006 
090 0 0 |a WK 880   |b R928d 2006 
100 1 |a Ruggiero, Roberta ,   |d 1940- ,   |e author 
245 1 4 |a The do's and don'ts of hypoglycemia :   |b an everyday guide to low blood sugar, too often misunderstood and misdiagnosed!   |c Roberta Ruggiero 
246 3 0 |a Do's and don'ts of low blood sugar 
260 |a Hollywood, FL. :   |b Frederick Fell ,   |c 2006 
300 |a xxiii, 200 p. :   |b ill. ;   |c 23 cm. 
504 |a Includes bibliographical references and index 
505 0 |a 1. Letters from our mailbag -- 2. My personal experiences -- 3. Definition of hypoglycemia -- 4. Is there a doctor out there? -- 5. Individualizing your diet -- 6. Glucose tolerance test -- 7. Education: a must -- 8. Are vitamins necessary? -- 9. How important is exercise? 10. The benefits of therapy -- 11. Positive attitude: it won't work without it -- 12. Health and beauty: you can't have one without the other -- 13. Children and hypoglycemia: area of growing concern -- 14. Hypoglycemia & alcoholism: is there a correlation -- 15. Hypoglycemia: a prelude to diabetes -- 16. Ask the experts -- 17. Recommended foods/menus 
520 |a Discusses on how to understand and recognise hypoglycaemia. 
650 0 |a Hypoglycemia   |v Popular works 
650 1 2 |a Hypoglycemia 
999 |a 1000134492   |b Book   |c OPEN SHELF (30 DAYS)   |e Medical Campus